[Event "Quebec op U1700"]
[Site "Montreal"]
[Date "2016.07.23"]
[Round "1.61"]
[White "Rozman, Zeljko"]
[Black "Blanchette, Rene"]
[Result "0-1"]
[WhiteElo "1429"]
[BlackElo "1610"]
[PlyCount "50"]
[EventDate "2016.07.23"]
[EventType "swiss"]
[EventRounds "8"]
[EventCountry "CAN"]
[SourceTitle "EXT 2022"]
[Source "ChessBase"]
[SourceDate "2021.10.06"]
[SourceVersion "1"]
[SourceVersionDate "2021.10.06"]
[SourceQuality "1"]

1. e4 Nf6 2. e5 Nd5 3. c4 Nb6 4. d4 d6 5. f4 dxe5 6. fxe5 Nc6 7. Be3 Bf5 8. Bd3 Bxd3 9. Qxd3 Nxe5 10. Qe2 Nexc4 11. Nf3 Nxe3 12. Qxe3 Nd5 13. Qb3 e6 14. Qb5+ c6 15. Qxb7 Bb4+ 16. Nbd2 0-0 17. 0-0 Bxd2 18. Nxd2 Qg5 19. Nf3 Qe3+ 20. Kh1 Rab8 21. Qxa7 Rxb2 22. Rae1 Qd3 23. Ne5 Qc2 24. Rg1 Nf4 25. Rc1 Qe4 0-1